<?xml version="1.0" encoding="UTF-8"?>
<record
    xmlns:xsi="http://www.w3.org/2001/XMLSchema-instance"
    xsi:schemaLocation="http://www.loc.gov/MARC21/slim http://www.loc.gov/standards/marcxml/schema/MARC21slim.xsd"
    xmlns="http://www.loc.gov/MARC21/slim">

  <leader>00307nam a2200133Ia 4500</leader>
  <controlfield tag="003">OSt</controlfield>
  <controlfield tag="005">20240327145459.0</controlfield>
  <controlfield tag="008">170523s9999    xx            000 0 und d</controlfield>
  <datafield tag="020" ind1=" " ind2=" ">
    <subfield code="a">978-9389188707</subfield>
  </datafield>
  <datafield tag="040" ind1=" " ind2=" ">
    <subfield code="c">IIMT UNIVERSITY</subfield>
  </datafield>
  <datafield tag="100" ind1=" " ind2=" ">
    <subfield code="a">Sunder.s</subfield>
  </datafield>
  <datafield tag="245" ind1=" " ind2="0">
    <subfield code="a">TEXTBOOK of Rehabiltation</subfield>
  </datafield>
  <datafield tag="942" ind1=" " ind2=" ">
    <subfield code="2">ddc</subfield>
    <subfield code="c">02</subfield>
  </datafield>
  <datafield tag="999" ind1=" " ind2=" ">
    <subfield code="c">10819</subfield>
    <subfield code="d">10819</subfield>
  </datafield>
  <datafield tag="952" ind1=" " ind2=" ">
    <subfield code="0">0</subfield>
    <subfield code="1">0</subfield>
    <subfield code="2">ddc</subfield>
    <subfield code="4">0</subfield>
    <subfield code="7">0</subfield>
    <subfield code="a">01</subfield>
    <subfield code="b">01</subfield>
    <subfield code="d">2017-06-01</subfield>
    <subfield code="l">4</subfield>
    <subfield code="p">01-B-99761</subfield>
    <subfield code="r">2021-07-22</subfield>
    <subfield code="s">2021-07-22</subfield>
    <subfield code="w">2017-06-01</subfield>
    <subfield code="y">02</subfield>
    <subfield code="z">Physiotherapy Books</subfield>
  </datafield>
  <datafield tag="952" ind1=" " ind2=" ">
    <subfield code="0">0</subfield>
    <subfield code="1">0</subfield>
    <subfield code="2">ddc</subfield>
    <subfield code="4">0</subfield>
    <subfield code="7">0</subfield>
    <subfield code="a">01</subfield>
    <subfield code="b">01</subfield>
    <subfield code="d">2017-06-01</subfield>
    <subfield code="l">4</subfield>
    <subfield code="m">1</subfield>
    <subfield code="p">01-B-99762</subfield>
    <subfield code="r">2021-07-28</subfield>
    <subfield code="s">2020-10-08</subfield>
    <subfield code="w">2017-06-01</subfield>
    <subfield code="y">02</subfield>
    <subfield code="z">Physiotherapy Books</subfield>
  </datafield>
  <datafield tag="952" ind1=" " ind2=" ">
    <subfield code="0">0</subfield>
    <subfield code="1">0</subfield>
    <subfield code="2">ddc</subfield>
    <subfield code="4">0</subfield>
    <subfield code="7">0</subfield>
    <subfield code="a">01</subfield>
    <subfield code="b">01</subfield>
    <subfield code="d">2017-06-01</subfield>
    <subfield code="l">4</subfield>
    <subfield code="m">1</subfield>
    <subfield code="p">01-B-99763</subfield>
    <subfield code="r">2021-07-29</subfield>
    <subfield code="s">2020-12-18</subfield>
    <subfield code="w">2017-06-01</subfield>
    <subfield code="y">02</subfield>
    <subfield code="z">Physiotherapy Books</subfield>
  </datafield>
  <datafield tag="952" ind1=" " ind2=" ">
    <subfield code="0">0</subfield>
    <subfield code="1">0</subfield>
    <subfield code="2">ddc</subfield>
    <subfield code="4">0</subfield>
    <subfield code="7">0</subfield>
    <subfield code="a">01</subfield>
    <subfield code="b">01</subfield>
    <subfield code="d">2017-06-01</subfield>
    <subfield code="l">6</subfield>
    <subfield code="m">1</subfield>
    <subfield code="p">01-B-99764</subfield>
    <subfield code="r">2021-07-24</subfield>
    <subfield code="s">2020-12-14</subfield>
    <subfield code="w">2017-06-01</subfield>
    <subfield code="y">02</subfield>
    <subfield code="z">Physiotherapy Books</subfield>
  </datafield>
  <datafield tag="952" ind1=" " ind2=" ">
    <subfield code="0">0</subfield>
    <subfield code="1">0</subfield>
    <subfield code="2">ddc</subfield>
    <subfield code="4">0</subfield>
    <subfield code="7">0</subfield>
    <subfield code="a">01</subfield>
    <subfield code="b">01</subfield>
    <subfield code="d">2017-06-01</subfield>
    <subfield code="l">8</subfield>
    <subfield code="p">01-B-99765</subfield>
    <subfield code="r">2024-08-27</subfield>
    <subfield code="s">2024-05-01</subfield>
    <subfield code="w">2017-06-01</subfield>
    <subfield code="y">02</subfield>
    <subfield code="z">Physiotherapy Books</subfield>
  </datafield>
  <datafield tag="952" ind1=" " ind2=" ">
    <subfield code="0">0</subfield>
    <subfield code="1">0</subfield>
    <subfield code="2">ddc</subfield>
    <subfield code="4">0</subfield>
    <subfield code="7">0</subfield>
    <subfield code="a">01</subfield>
    <subfield code="b">01</subfield>
    <subfield code="d">2017-06-01</subfield>
    <subfield code="l">9</subfield>
    <subfield code="m">1</subfield>
    <subfield code="p">01-B-99766</subfield>
    <subfield code="r">2023-09-23</subfield>
    <subfield code="s">2023-09-19</subfield>
    <subfield code="w">2017-06-01</subfield>
    <subfield code="y">02</subfield>
    <subfield code="z">Physiotherapy Books</subfield>
  </datafield>
  <datafield tag="952" ind1=" " ind2=" ">
    <subfield code="0">0</subfield>
    <subfield code="1">0</subfield>
    <subfield code="2">ddc</subfield>
    <subfield code="4">0</subfield>
    <subfield code="7">0</subfield>
    <subfield code="a">01</subfield>
    <subfield code="b">01</subfield>
    <subfield code="d">2017-06-01</subfield>
    <subfield code="l">3</subfield>
    <subfield code="m">1</subfield>
    <subfield code="p">01-B-99767</subfield>
    <subfield code="r">2021-07-23</subfield>
    <subfield code="s">2020-12-15</subfield>
    <subfield code="w">2017-06-01</subfield>
    <subfield code="y">02</subfield>
    <subfield code="z">Physiotherapy Books</subfield>
  </datafield>
  <datafield tag="952" ind1=" " ind2=" ">
    <subfield code="0">0</subfield>
    <subfield code="1">0</subfield>
    <subfield code="2">ddc</subfield>
    <subfield code="4">0</subfield>
    <subfield code="7">0</subfield>
    <subfield code="a">01</subfield>
    <subfield code="b">01</subfield>
    <subfield code="d">2017-06-01</subfield>
    <subfield code="l">4</subfield>
    <subfield code="m">1</subfield>
    <subfield code="p">01-B-99768</subfield>
    <subfield code="r">2021-07-28</subfield>
    <subfield code="s">2021-02-16</subfield>
    <subfield code="w">2017-06-01</subfield>
    <subfield code="y">02</subfield>
    <subfield code="z">Physiotherapy Books</subfield>
  </datafield>
  <datafield tag="952" ind1=" " ind2=" ">
    <subfield code="0">0</subfield>
    <subfield code="1">0</subfield>
    <subfield code="2">ddc</subfield>
    <subfield code="4">0</subfield>
    <subfield code="7">0</subfield>
    <subfield code="a">01</subfield>
    <subfield code="b">01</subfield>
    <subfield code="d">2017-06-01</subfield>
    <subfield code="l">6</subfield>
    <subfield code="m">1</subfield>
    <subfield code="p">01-B-99769</subfield>
    <subfield code="r">2021-07-26</subfield>
    <subfield code="s">2020-10-08</subfield>
    <subfield code="w">2017-06-01</subfield>
    <subfield code="y">02</subfield>
    <subfield code="z">Physiotherapy Books</subfield>
  </datafield>
  <datafield tag="952" ind1=" " ind2=" ">
    <subfield code="0">0</subfield>
    <subfield code="1">0</subfield>
    <subfield code="2">ddc</subfield>
    <subfield code="4">0</subfield>
    <subfield code="7">0</subfield>
    <subfield code="a">01</subfield>
    <subfield code="b">01</subfield>
    <subfield code="d">2017-06-01</subfield>
    <subfield code="l">4</subfield>
    <subfield code="m">1</subfield>
    <subfield code="p">01-B-99770</subfield>
    <subfield code="r">2021-07-28</subfield>
    <subfield code="s">2020-11-18</subfield>
    <subfield code="w">2017-06-01</subfield>
    <subfield code="y">02</subfield>
    <subfield code="z">Physiotherapy Books</subfield>
  </datafield>
</record>
